[Event "RUS-Cup1 Chigorin mem"]
[Site "St Petersburg"]
[Date "1996.??.??"]
[Round "1"]
[White "Chepukaitis, Genrikh"]
[Black "Brodsky, Michail"]
[Result "1/2-1/2"]
[WhiteElo "2310"]
[BlackElo "2510"]

1.d4 Nf6 2.Bg5 e6 3.Nd2 h6 4.Bh4 c5 5.e3 Be7 6.c3 b6 7.Ne2 Bb7 8.Bxf6 Bxf6
9.Nf4 e5 10.dxe5 Bxe5 11.Nc4 Bxf4 12.exf4 d5 13.Qe2+ Kf8 14.Ne5 Nd7 15.O-O-O Nxe5
16.Qxe5 Qd7 17.Bc4 Re8 18.Qh5 g6 19.Qh4 Kg7 20.Qg3 d4 21.Bd3 Qc6 22.f3 dxc3
23.f5 g5 24.h4 Qf6 25.Kb1 Rd8 26.Bc2 Rxd1+ 27.Rxd1 Rd8 28.Rxd8 Qxd8 29.f4 Qd4
30.bxc3 Qxf4 31.Qe1 Bxg2 32.hxg5 hxg5 33.Qe7 a5 34.Kb2 Bh3 35.Qd7 Qf3 36.f6+ Kxf6
37.Qd8+ Ke5 38.Qxg5+ Bf5 39.Qe7+ Be6 40.Qc7+ Kf6 41.Qxb6 Qf2 42.a4 Kg7 43.Kc1 Qe3+  1/2-1/2

[Event "Rudenko mem"]
[Site "St Petersburg"]
[Date "1996.??.??"]
[Round "6"]
[White "Zaitseva, Ludmila G"]
[Black "Fatalibekova, Elena"]
[Result "1-0"]
[WhiteElo "2325"]
[BlackElo "2240"]

1.d4 Nf6 2.Bg5 e6 3.e3 c5 4.c3 b6 5.Nd2 Bb7 6.Ngf3 Be7 7.Bd3 cxd4 8.exd4 Nd5
9.Bxe7 Qxe7 10.O-O Nf4 11.Be4 d5 12.Bc2 O-O 13.Re1 Nd7 14.Nf1 Nf6 15.Ng3 a5
16.Qd2 Ng6 17.Qg5 Qd8 18.h4 Nd7 19.h5 Ne7 20.Qf4 Qb8 21.Qh4 Qd8 22.Qf4 Qb8
23.Qd2 Ba6 24.Ne5 Nxe5 25.Rxe5 Nc6 26.Rg5 Qd8 27.Nf1 Rc8 28.Rg3 Qh4 29.Qh6 g6
30.Rh3 Qe7 31.hxg6 fxg6 32.Bxg6 Rc7 33.Bxh7+ Qxh7 34.Qxe6+ Qf7 35.Rg3+ Kh8
36.Qh6+  1-0

[Event "Star Dorjan (Women)"]
[Site "Star Dorjan"]
[Date "1996.??.??"]
[Round "8"]
[White "Gocheva, Rumiana B"]
[Black "Mosnegutu, Mariana"]
[Result "1/2-1/2"]
[WhiteElo "2210"]
[BlackElo "2110"]

1.d4 Nf6 2.Bg5 e6 3.Bxf6 Qxf6 4.e4 d5 5.e5 Qd8 6.f4 c5 7.c3 Qb6 8.Qb3 Qxb3
9.axb3 cxd4 10.cxd4 Nc6 11.Nf3 Bd7 12.Nc3 Bb4 13.Bb5 Nxe5 14.fxe5 Bxb5 15.Kf2 Bc6
16.g4 Kd7 17.g5 a6 18.h4 Rac8 19.Ke3 Be7 20.Rac1 b5 21.Ne2 h6 22.Nf4 Bb7
23.Rxc8 Bxc8 24.g6 fxg6 25.Nxg6 Rg8 26.Ne1 Ke8 27.Nd3 Kf7 28.Nxe7 Kxe7 29.b4 Bd7
30.Nc5 Bc8 31.Nd3 Bd7 32.Nc5 Bc8  1/2-1/2

[Event "Stockholm"]
[Site "Stockholm"]
[Date "1996.??.??"]
[Round "9"]
[White "Engqvist, Thomas"]
[Black "Hedman, Erik"]
[Result "1-0"]
[WhiteElo "2380"]
[BlackElo "2355"]

1.d4 Nf6 2.Bg5 e6 3.e4 h6 4.Bxf6 Qxf6 5.Nc3 d6 6.Qd2 c6 7.f4 e5 8.dxe5 dxe5
9.f5 Qd6 10.Bd3 b5 11.a4 b4 12.Nd1 Nd7 13.Ne3 b3 14.cxb3 Rb8 15.Bc2 Qf6 16.O-O-O Bb4
17.Qf2 Ba6 18.Nf3 Qe7 19.Ng4 Rb7 20.f6 Nxf6 21.Ngxe5 Bc5 22.Qd2 O-O 23.Kb1 Rc7
24.Qc3 Rfc8 25.Ka2 Bb4 26.Qd4 Bc5 27.Qd2 Bb4 28.Qf4 Be2 29.Rc1 Bd6 30.Qf5 Re8
31.Nc4 g6 32.Qh3 Bf4 33.Rce1 Nxe4 34.Bxe4 Qxe4 35.Rxe2 Qxe2 36.Re1 Qxe1 37.Nxe1 Rxe1
38.Qh4 Re4 39.Qd8+ Kg7 40.g3 Bxg3 41.hxg3 Rce7 42.Nd6 Re3 43.Nc8 R7e4 44.Nxa7 Rxg3
45.Nxc6 h5 46.a5 h4 47.a6 h3 48.a7 h2 49.a8=Q h1=Q 50.Qf8+ Kf6  1-0

[Event "Tampere Elo Taraus op"]
[Site "Tampere"]
[Date "1996.??.??"]
[Round "6"]
[White "Puranen, Jukka"]
[Black "Hokkanen, Petri"]
[Result "1/2-1/2"]
[WhiteElo "2300"]
[BlackElo "2260"]

1.d4 Nf6 2.Bg5 e6 3.e3 c5 4.c3 cxd4 5.exd4 b6 6.Nf3 Be7 7.Bd3 Ba6 8.O-O O-O
9.Re1 Bxd3 10.Qxd3 d6 11.Nbd2 Re8 12.Nf1 h6 13.Bd2 Nc6 14.Rad1 Bf8 15.Ng3 Rc8
16.Qb5 Qc7 17.Nh5 Nxh5 18.Qxh5 e5 19.dxe5 dxe5 20.Qg4 Re6 21.Nh4 Rd8 22.Be3 Red6
23.Nf5 Rxd1 24.Rxd1 Rxd1+ 25.Qxd1 Kh7 26.Qd5 g6 27.Ng3 f5 28.Nf1 Bg7 29.h4 Nd8
30.a4 Nf7 31.a5 bxa5 32.Bc5 Bf6 33.h5 gxh5 34.Ng3 Nd8 35.Nxf5 Qc6 36.Ne3 a6
37.Ba3 Kg7 38.Qxa5 Ne6 39.Qb4 Bg5 40.Nf5+ Kh7 41.Qd6 Qxd6 42.Bxd6 Kg6 43.Ng3 h4
44.Ne2 Kf5 45.Kf1 Ke4 46.Ke1 Kd5 47.Ba3 Kc4  1/2-1/2

[Event "Turin op"]
[Site "Turin"]
[Date "1996.??.??"]
[Round "3"]
[White "Bianco, Valerio"]
[Black "Sedina, Elena"]
[Result "1/2-1/2"]
[WhiteElo "2215"]
[BlackElo "2345"]

1.d4 Nf6 2.Bg5 e6 3.e4 h6 4.Bxf6 Qxf6 5.Qd2 d6 6.Nc3 g5 7.O-O-O Bg7 8.g3 Nc6
9.Bb5 Bd7 10.e5 Qe7 11.f4 dxe5 12.dxe5 O-O-O 13.Qe3 a6 14.Ba4 Kb8 15.Nf3 f6
16.Rhe1 gxf4 17.gxf4 fxe5 18.fxe5 Rhf8 19.Rg1 Rf7 20.Bxc6 Bxc6 21.Rxd8+ Qxd8
22.Nd4 Bd5 23.Rd1 Rd7 24.Qf4 c5 25.Nde2 Qg5 26.Nxd5 Rxd5 27.Rxd5 exd5 28.e6+ Kc8
29.h4 Qxf4+ 30.Nxf4 Kc7 31.Nxd5+ Kd6 32.e7 Kd7 33.b3 h5 34.Kd2 Be5 35.Kd3 Bg3
36.Nf6+ Kxe7 37.Nxh5 Bxh4 38.Ke4 Kd6 39.Nf4 b5 40.Kd3 Bg5 41.Ne2 Kd5  1/2-1/2

[Event "Ubeda op"]
[Site "Ubeda"]
[Date "1996.??.??"]
[Round "?"]
[White "Fernandez Siles, Luis"]
[Black "Ramesh, RB."]
[Result "1-0"]
[WhiteElo "2270"]
[BlackElo "2415"]

1.d4 Nf6 2.Bg5 e6 3.e4 h6 4.Bxf6 Qxf6 5.Nc3 d6 6.Qd2 g6 7.O-O-O Bg7 8.f4 g5
9.g3 Nc6 10.e5 Qd8 11.d5 exd5 12.exd6 Qxd6 13.Re1+ Kf8 14.Qxd5 Qb4 15.Bc4 Be6
16.Rxe6 fxe6 17.Qxe6 Qe7 18.Qf5+ Qf6 19.Qc5+ Ne7 20.Nge2 b6 21.Qa3 Rd8 22.Rf1 g4
23.f5 Qc6 24.Qb3 Be5 25.f6 Ng6 26.Nd5 b5 27.Ne7 Nxe7 28.fxe7+ Kxe7 29.Rf7+ Kd6
30.Qa3+ Qc5 31.Qa6+ c6 32.Qb7 Qe3+ 33.Kb1 bxc4 34.Qe7+ Kd5 35.Nc3+ Kd4 36.Rf1 Qg5
37.Qxa7+ c5 38.Qb7 Qg6 39.Re1  1-0

[Event "Paks GM"]
[Site "Ungarn"]
[Date "1996.??.??"]
[Round "?"]
[White "Molnar, Bela"]
[Black "Horvath, Jozsef"]
[Result "0-1"]
[WhiteElo "2360"]
[BlackElo "2505"]

1.d4 Nf6 2.Bg5 e6 3.Nc3 h6 4.Bxf6 Qxf6 5.e4 d6 6.Qd2 g5 7.h4 Bg7 8.O-O-O Nc6
9.Bb5 Bd7 10.hxg5 Qxd4 11.Qxd4 Nxd4 12.Bxd7+ Kxd7 13.gxh6 Rxh6 14.Nge2 Rg8
15.f3 Rgh8 16.Rxh6 Bxh6+ 17.f4 e5 18.g3 Nxe2+ 19.Nxe2 exf4 20.gxf4 Re8 21.e5 Rxe5
22.Kd2 Rd5+ 23.Ke1 Rxd1+ 24.Kxd1 Ke6  0-1

[Event "CZE-ch U20"]
[Site "Usti nad Labem"]
[Date "1996.??.??"]
[Round "7"]
[White "Chytilek, Roman"]
[Black "Cvek, Robert"]
[Result "1/2-1/2"]
[WhiteElo "2320"]
[BlackElo "2265"]

1.d4 Nf6 2.Bg5 e6 3.Nc3 c5 4.d5 h6 5.Bh4 d6 6.e4 e5 7.Bb5+ Nbd7 8.a4 a6 9.Bd3 b6
10.Bg3 Be7 11.f4 exf4 12.Bxf4 O-O 13.Nf3 Ng4 14.O-O Qc7 15.Qe1 c4 16.Be2 Qc5+
17.Kh1 Ne3 18.Bxe3 Qxe3 19.Bxc4 Qc5 20.Bd3 Bf6 21.Nd1 Ne5 22.Nxe5 Bxe5 23.c3 Bd7
24.Ne3 b5 25.axb5 axb5 26.Nc2 Rxa1 27.Qxa1 Qb6 28.Nb4 h5 29.Qd1 h4 30.h3 g6
31.Qd2 Kg7 32.Qg5 f6 33.Qxh4 Rh8 34.Qf2 Qb7 35.Ra1 Ra8 36.Rxa8 Qxa8 37.Qf1 g5
38.Be2 g4 39.Nc6 Bxc6 40.dxc6 Qxc6 41.Qf5 gxh3 42.gxh3 Qa8 43.Kg2 Qb7 44.h4 b4
45.Qg4+ Kh7 46.Qf5+ Kg7 47.Qf3 bxc3 48.bxc3 Kh6 49.Qe3+ Kh7 50.c4 Qg7+ 51.Kh3 Qh6
52.Qf2 Qf4 53.Bf3 Kh6 54.Qg2 f5 55.h5 Qg5  1/2-1/2

[Event "Velden op"]
[Site "Velden"]
[Date "1996.??.??"]
[Round "2"]
[White "Steiner, Guenter"]
[Black "Kupreichik, Viktor D"]
[Result "0-1"]
[WhiteElo "2175"]
[BlackElo "2510"]

1.d4 Nf6 2.Bg5 e6 3.e4 h6 4.Bxf6 Qxf6 5.Nc3 d6 6.Qd2 g5 7.O-O-O Bg7 8.e5 dxe5
9.dxe5 Qe7 10.f4 Nc6 11.Nf3 Bd7 12.g3 O-O-O 13.Qe3 f6 14.exf6 Bxf6 15.Bb5 gxf4
16.gxf4 a6 17.Bc4 Rhf8 18.Kb1 Qb4 19.Bxe6 Bxc3 20.Bxd7+ Rxd7 21.Qxc3 Rxd1+
22.Rxd1 Qxf4 23.Ne1 Qxh2 24.Qg7 Qf4 25.Nd3 Qf6 26.Qg4+ Qf5 27.Qg7 h5 28.b4 Rd8
29.Qg2 Nxb4 30.Rf1 Qa5 31.Nc1 Kb8 32.Qh3 Qb5 33.Nb3 Qa4 34.Qg2 Qxa2+ 35.Kc1 Nd3+  0-1

[Event "Carl Schlechter mem"]
[Site "Vienna"]
[Date "1996.??.??"]
[Round "3"]
[White "Meszaros, Gyula"]
[Black "Weissel, Georg"]
[Result "1-0"]
[WhiteElo "2300"]
[BlackElo "2095"]

1.d4 Nf6 2.Bg5 e6 3.Nc3 d5 4.e4 dxe4 5.Nxe4 Be7 6.Nxf6+ Bxf6 7.Bxf6 Qxf6
8.Nf3 O-O 9.Qd2 c5 10.O-O-O Rd8 11.Qc3 cxd4 12.Rxd4 Nc6 13.Rxd8+ Qxd8 14.Bb5 Bd7
15.Rd1 Qe7 16.Kb1 Rd8 17.a3 Be8 18.Rxd8 Qxd8 19.Bd3 h6 20.Qc5 b6 21.Qe3 Qd6
22.h4 Ne7 23.Qe4 f5 24.Qa8 Kf7 25.Qxa7 Kf6 26.Qa8 Qc6 27.Qd8  1-0

[Event "Vienna op-B"]
[Site "Vienna"]
[Date "1996.??.??"]
[Round "8"]
[White "Wohlfahrt, Herbert J"]
[Black "Eisterer, Heinrich"]
[Result "0-1"]
[WhiteElo "2235"]
[BlackElo "2340"]

1.d4 Nf6 2.Bg5 e6 3.e4 h6 4.Bxf6 Qxf6 5.Nc3 d6 6.Nf3 Nd7 7.Qd2 g6 8.O-O-O Bg7
9.Bc4 O-O 10.Rhe1 a6 11.Bb3 Qe7 12.h4 c5 13.dxc5 dxc5 14.Ne2 b5 15.c3 a5
16.Qd6 Qxd6 17.Rxd6 a4 18.Bc2 b4 19.Red1 Nf6 20.cxb4 cxb4 21.Ned4 Bb7 22.Nc6 b3
23.axb3 axb3 24.Bxb3 Rac8 25.e5 Bxc6 26.exf6 Bxf3+ 27.Kd2 Rfd8  0-1

[Event "Siembra Villa Ballester op"]
[Site "Villa Ballester"]
[Date "1996.??.??"]
[Round "8"]
[White "Benko, Francisco"]
[Black "Valerga, Diego"]
[Result "0-1"]
[WhiteElo "2165"]
[BlackElo "2455"]

1.d4 Nf6 2.Bg5 e6 3.e4 h6 4.Bxf6 Qxf6 5.Nf3 d6 6.e5 dxe5 7.dxe5 Qe7 8.Bd3 Nc6
9.O-O g5 10.Qe2 Bd7 11.Na3 Bg7 12.Nc4 O-O-O 13.c3 Be8 14.Rfd1 g4 15.Nd4 Nxd4
16.cxd4 Rxd4 17.Be4 Rxd1+ 18.Rxd1 Bb5 19.Nb6+ axb6 20.Qxb5 Rd8 21.Rc1 Qc5
22.Rxc5 Rd1+ 23.Qf1 Rxf1+ 24.Kxf1 bxc5 25.b3 Bxe5 26.g3 b6 27.Bc6 Kd8 28.Ke2 Ke7
29.f4 Bd4 30.Bg2 Kd6 31.h3 h5 32.hxg4 hxg4 33.Be4 Ke7 34.Bc6 f5 35.Bb7 Kf6
36.Bc6 e5 37.Bd7 Bb2 38.Kd2 Bd4 39.Ke2 Bg1 40.Kf1 Be3 41.fxe5+ Kxe5 42.Ke2 Bd4
43.Bc8 Kf6 44.Bd7 Kg5 45.Bc6 Be5 46.Kf2 f4 47.gxf4+ Kxf4 48.Ke2 g3 49.a4 Bd4
50.Kd3 Bf2 51.Bg2 Bg1 52.Bc6 Bf2 53.Bg2 Be1 54.Bc6 Ba5 55.Bg2 Bb4 56.Bc6 Be1
57.Bg2 c4+ 58.bxc4 Bf2 59.Bc6 Ke5 60.c5 Bxc5 61.Kc4 Bf2 62.Bg2 Be1 63.Kd3 c5
64.Ke2 Bf2 65.Kd3 Kf4 66.Bc6 Be1 67.Ke2 Ba5 68.Bd5 Ke5 69.Bc6 Kd4 70.Bd7 c4
71.Bf5 Bb4 72.Bh3 c3 73.Bf5 g2 74.Kf2 g1=Q+ 75.Kxg1 Ke3 76.Kg2 Kd2  0-1

[Event "Vlissingen op"]
[Site "Vlissingen"]
[Date "1996.??.??"]
[Round "7"]
[White "Karadeniz, Emre"]
[Black "Riemersma, Liafbern"]
[Result "0-1"]
[WhiteElo "2240"]
[BlackElo "2435"]

1.d4 Nf6 2.Bg5 e6 3.e4 h6 4.Bxf6 Qxf6 5.Nc3 d6 6.Qd2 g6 7.O-O-O Nd7 8.f4 Bg7
9.Nf3 O-O 10.e5 Qe7 11.g4 b6 12.Bg2 Bb7 13.Rhe1 Rad8 14.Qe3 c5 15.Nb5 cxd4
16.exd6 Qf6 17.Nbxd4 Bxf3 18.g5 hxg5 19.fxg5 Qxd4 20.Rxd4 Bxg2 21.Rd2 Bd5
22.b3 b5 23.h4 Nb6 24.h5 gxh5 25.Qg3 Rd7 26.g6 f5 27.Qg5 Bc3 28.Rxd5 Nxd5
29.Rxe6 b4 30.Qxh5  0-1

[Event "AUT-chT9697"]
[Site "Vorarlberg"]
[Date "1996.??.??"]
[Round "?"]
[White "Heinritz, Dietmar"]
[Black "Greissing, Johannes"]
[Result "1-0"]
[WhiteElo "1755"]
[BlackElo "1910"]

1.d4 Nf6 2.Bg5 e6 3.e4 h6 4.Bxf6 Qxf6 5.Nf3 c5 6.e5 Qg6 7.Nc3 cxd4 8.Bd3 f5
9.Nb5 Bb4+ 10.c3 dxc3 11.bxc3 Ba5 12.Nd6+ Ke7 13.O-O Nc6 14.Rc1 Qh5 15.Be2 f4
16.Nb5 g5 17.Qd6+ Kf7 18.Nfd4 g4 19.Nxc6 dxc6 20.Nc7 Bxc7 21.Qxc7+ Ke8 22.Rfd1 Qg5
23.Bxg4 Rg8 24.Bh5+  1-0

[Event "JUG-ch (Women) 3"]
[Site "Vrnjacka Banja"]
[Date "1996.??.??"]
[Round "?"]
[White "Dragasevic Georgieva, Antonina"]
[Black "Todorovic, Violeta"]
[Result "1/2-1/2"]
[WhiteElo "2185"]
[BlackElo "2100"]

1.d4 Nf6 2.Bg5 e6 3.e4 Be7 4.Bxf6 Bxf6 5.Nf3 c5 6.e5 Be7 7.c3 Qb6 8.Qb3 d5
9.exd6 Qxd6 10.Bb5+ Bd7 11.Bxd7+ Qxd7 12.dxc5 Bxc5 13.O-O Nc6 14.Nbd2 O-O
15.Ne4 Bb6 16.Rad1 Qe7 17.Rfe1 Rfd8 18.Qc2 h6 19.Qe2 a6 20.Rxd8+ Rxd8 21.Rd1 Ba7
22.Rd2 Na5 23.b4 Nc6 24.a4 Qc7 25.Rxd8+ Qxd8 26.Qd2 Qxd2 27.Nfxd2 Kf8 28.Nd6 Nd8
29.Kf1 Bb8 30.N6e4 Ke7 31.Ke2 f5 32.Ng3 g6 33.Kd3 Nc6 34.Nc4 Ne5+ 35.Nxe5 Bxe5
36.c4 Bc7 37.c5 e5 38.Kc4 Ke6 39.b5 axb5+ 40.axb5 e4 41.Nf1  1/2-1/2

[Event "Wattens op"]
[Site "Wattens"]
[Date "1996.??.??"]
[Round "3"]
[White "Baerner, Helmut"]
[Black "Marwan, David"]
[Result "1-0"]
[WhiteElo "2135"]
[BlackElo "1915"]

1.d4 Nf6 2.Bg5 e6 3.Nf3 b6 4.Nbd2 Bb7 5.e4 Be7 6.Bd3 h6 7.Bxf6 Bxf6 8.O-O d6
9.e5 Be7 10.Ne4 Bxe4 11.Bxe4 d5 12.Bd3 Nd7 13.c3 c5 14.Nd2 c4 15.Bc2 h5 16.f4 g6
17.Qf3 b5 18.b3 cxb3 19.axb3 Nb6 20.Ra6 b4 21.Rfa1 Rc8 22.Nb1 Nd7 23.Rxa7 bxc3
24.Qd3 Qb6 25.R1a6 Qb8 26.Na3 Nc5 27.Rxe7+ Kxe7 28.dxc5 Rxc5 29.Qd4 Rhc8
30.b4 R5c6 31.Ra4 Rb6 32.Bd3 Rc7 33.b5 Ke8 34.Kf2 Kd7 35.Ke3 Kc8 36.Nc2 Kb7
37.Ra3 g5 38.fxg5 Qd8 39.h4 Qe7 40.Rxc3 Rxc3 41.Qxc3 Qd7 42.Nd4 Qd8 43.Nc6 Qa8
44.Qc5  1-0

[Event "Owens Corning"]
[Site "Wrexham"]
[Date "1996.??.??"]
[Round "?"]
[White "Dunnington, Angus J"]
[Black "Martin, Andrew D"]
[Result "1/2-1/2"]
[WhiteElo "2450"]
[BlackElo "2420"]

1.d4 Nf6 2.Bg5 e6 3.Nd2 h6 4.Bh4 c5 5.e3 d5 6.c3 Nbd7 7.f4 Be7 8.Bd3 b6 9.Ngf3 Bb7
10.Ne5 O-O 11.Qf3 Nxe5 12.fxe5 Ne4 13.Bxe7 Qxe7  1/2-1/2

[Event "Yerevan ol (Women)"]
[Site "Yerevan"]
[Date "1996.??.??"]
[Round "1"]
[White "Agababian, Naira"]
[Black "Ibrahim, Eliza Hanim"]
[Result "1-0"]
[WhiteElo "2210"]
[BlackElo "2050"]

1.d4 Nf6 2.Bg5 e6 3.e4 h6 4.Bxf6 Qxf6 5.e5 Qd8 6.Nf3 Nc6 7.c3 b6 8.Bd3 Bb7
9.O-O Be7 10.Re1 O-O 11.Qe2 d5 12.Nbd2 a5 13.Nf1 Na7 14.Rad1 Qe8 15.Bb1 Qb5
16.Qc2 g6 17.h4 Qe8 18.Ng3 Kh8 19.Nh5 Rg8 20.Nf4 Kg7 21.h5 g5 22.Qh7+ Kf8
23.Ng6+ fxg6 24.Bxg6 Rg7 25.Qxh6 Qd7 26.Nxg5 Bxg5 27.Qxg5 Qe7 28.Qg3 Bc6
29.h6 Rg8 30.Qf4+  1-0

[Event "Yerevan ol (Men)"]
[Site "Yerevan"]
[Date "1996.??.??"]
[Round "2"]
[White "Arbouche, Muhamed"]
[Black "Amonatov, Farrukh"]
[Result "0-1"]
[WhiteElo "2265"]
[BlackElo "2110"]

1.d4 Nf6 2.Bg5 e6 3.e4 h6 4.Bxf6 Qxf6 5.Nf3 d6 6.Nc3 Nd7 7.Qd2 c6 8.O-O-O e5
9.Kb1 Be7 10.Be2 O-O 11.d5 Nb6 12.h3 Bd7 13.g4 Rac8 14.Rhg1 cxd5 15.exd5 Nc4
16.Bxc4 Rxc4 17.Qe2 Qf4 18.Nd2 Rd4 19.Rg3 f5 20.Rf3 Qg5 21.gxf5 Bxf5 22.Rg3 Qf4
23.Nf1 Bh4 24.Rg1 Qxf2 25.Ne3 Qxe2 26.Nxe2 Rxd1+ 27.Rxd1 Bxh3 28.Rh1 Rf3  0-1

[Event "Yerevan ol (Men)"]
[Site "Yerevan"]
[Date "1996.??.??"]
[Round "6"]
[White "Orr, Mark J L"]
[Black "David, Alberto"]
[Result "1/2-1/2"]
[WhiteElo "2365"]
[BlackElo "2435"]

1.d4 Nf6 2.Bg5 e6 3.Nf3 h6 4.Bh4 c5 5.e3 Be7 6.Nbd2 O-O 7.Bd3 b6 8.O-O Bb7
9.c3 cxd4 10.exd4 d6 11.Re1 Nbd7 12.Bxf6 Nxf6 13.Bf1 Bc6 14.g3 b5 15.Qe2 Qb6
16.Bg2 Rfe8 17.Nf1 a5 18.Ne3 Rac8 19.Rad1 Bxf3 20.Bxf3 d5 21.Rc1 Rc7 22.Rc2 b4
23.c4 dxc4 24.Rxc4 Rd8 25.Rxc7 Qxc7 26.d5 exd5 27.Nxd5 Nxd5 28.Bxd5 Rxd5
29.Qxe7 Qxe7 30.Rxe7 Rd1+ 31.Kg2 Ra1 32.a3 bxa3 33.bxa3 Rxa3 34.h4 g5 35.hxg5 hxg5
36.Re5 f6  1/2-1/2

[Event "Yerevan ol (Men)"]
[Site "Yerevan"]
[Date "1996.??.??"]
[Round "6"]
[White "Fernandes, Antonio"]
[Black "Spasov, Vasil"]
[Result "1/2-1/2"]
[WhiteElo "2410"]
[BlackElo "2575"]

1.d4 Nf6 2.Bg5 e6 3.e4 h6 4.Bxf6 Qxf6 5.Nc3 Bb4 6.Qd2 d6 7.a3 Bxc3 8.Qxc3 O-O
9.e5 Qe7 10.Nf3 b6 11.Be2 Bb7 12.O-O-O Rc8 13.Kb1 Nd7 14.h4 c5 15.exd6 Qxd6
16.dxc5 Qe7 17.c6 Bxc6 18.Ba6 Bb7 19.Qd4 Bxa6 20.Qxd7 Qc5 21.Rd2 Rc7 22.Qd4 Bb7
23.Rh3 Qxd4 24.Rxd4 Rac8 25.Ne1 Kf8 26.Rhd3 Ke7 27.g3 g5 28.c3 e5 29.Re3 f6
30.hxg5 hxg5 31.f4 e4 32.fxg5 f5 33.g4 f4 34.Rdxe4+ Bxe4+ 35.Rxe4+ Kd6 36.Rd4+ Ke6
37.Re4+ Kd5 38.Rd4+ Ke6 39.Rxf4 Rc4 40.Rf6+ Ke7 41.Nf3 Rxg4 42.Rh6 Rf8 43.Ne5 Rf1+
44.Ka2 Rxg5 45.Nc6+ Kf7 46.Nxa7 Rf6 47.Rh2 Ke6 48.Kb3 Rfg6 49.Nc6 Rg2 50.Nd4+ Kd5
51.Rh5+ R2g5 52.Rh8 Rg8 53.Rh7 R8g7 54.Rh6 R7g6 55.Rh1 Rg1 56.Rh2 R1g2 57.Rh3 R2g3
58.Rh8 Rg8 59.Rh5+ R8g5 60.Rh4 R3g4 61.Rh7 Rg7  1/2-1/2

[Event "Yerevan ol (Men)"]
[Site "Yerevan"]
[Date "1996.??.??"]
[Round "8"]
[White "Casagrande, Harald"]
[Black "Amonatov, Farrukh"]
[Result "0-1"]
[WhiteElo "2365"]
[BlackElo "2110"]

1.d4 Nf6 2.Bg5 e6 3.Nf3 Be7 4.c3 d5 5.Nbd2 Nbd7 6.e3 O-O 7.Bd3 c5 8.Qe2 Re8
9.h4 Qc7 10.Bxf6 Bxf6 11.g4 e5 12.g5 e4 13.gxf6 exd3 14.Qxd3 c4 15.Qf1 Nxf6
16.Qg2 Qb6 17.Rg1 g6 18.Qg5 Ne4 19.Nxe4 dxe4 20.Nd2 Qxb2 21.Rb1 Qxc3 22.h5 Qa3
23.Nxc4 Qxa2 24.Rc1 Be6 25.d5 Rac8 26.dxe6 Rxe6 27.h6 Qa4 28.Qd5 Rec6 29.Rd1 Rxc4
30.Qd8+ Qe8 31.Qf6 Qf8 32.Rh1 a5 33.Kf1 Rc1 34.Kg2 Rxd1 35.Rxd1 Qxh6 36.Rd7 Qf8
37.Rxb7 a4 38.Qd4 Qe8 39.Ra7 Ra8 40.Rc7 Qe6  0-1

[Event "Yerevan ol (Men)"]
[Site "Yerevan"]
[Date "1996.??.??"]
[Round "12"]
[White "Moran, Augusto"]
[Black "Berend, Fred"]
[Result "1/2-1/2"]
[WhiteElo "2400"]
[BlackElo "2425"]

1.d4 Nf6 2.Bg5 e6 3.e4 h6 4.Bxf6 Qxf6 5.Nc3 Bb4 6.Qd2 e5 7.dxe5 Qxe5 8.Nge2 d6
9.a3 Ba5 10.f4 Qf6 11.O-O-O Nc6 12.h3 Be6 13.Qd3 O-O 14.Nd5 Bxd5 15.Qxd5 Rfe8
16.g3 Re7 17.Bg2 Rae8 18.Nd4 Nxd4 19.Qxd4 Qxd4 20.Rxd4 b5 21.c3 Bb6 22.Rd3 g5
23.Rf1 Kg7 24.Rd5 gxf4 25.gxf4 a6 26.Rf3 Re6 27.Rg3+ Rg6 28.Rxg6+ fxg6 29.Kd2 Rf8
30.f5 Bg1 31.Ke2 Bh2 32.Bf3 Be5 33.fxg6 Kxg6 34.Rd1 a5 35.Rg1+ Kf6 36.Bg4 Ke7
37.Bf5 Rh8 38.Rg6 Bf6 39.Kd3 a4 40.Kc2 h5 41.Kd3 c6 42.Kc2 h4 43.Kd3 Rh5
44.Bg4 Rh8 45.Bf5 Be5 46.Re6+ Kd8 47.Kc2 Bg3 48.Bg4 Rf8 49.Bf5 Kc7 50.Re7+ Kb6
51.Kd3 Rg8 52.Bg4 Rh8 53.Re6 Rf8 54.Bf5 Kc5 55.Re7 Rf6 56.Re6 Rf7 57.Re8 Rg7
58.Bg4 Be5 59.Re6 Rg8 60.Re7 Rf8 61.Bf5 Kb6 62.Rh7 Bg3 63.Re7 Rf6 64.Re6 Rf7
65.Re8 Kc5 66.Re6 Bf4 67.Re8 d5 68.Re6 Rf8 69.Bg4 Bc1 70.Kc2 Rf1 71.exd5 Kxd5
72.Re2 Bf4 73.Be6+ Kd6 74.Bg4 c5 75.Kd3 Bg5 76.Re6+ Kd5 77.Rg6 Bc1 78.Kc2 Bf4
79.Bd1 Rf2+ 80.Kb1 Rh2 81.Bf3+ Ke5 82.Bg4 Rh1+ 83.Ka2 Rh2 84.Re6+ Kd5  1/2-1/2

[Event "Zaragoza-B op"]
[Site "Zaragoza"]
[Date "1996.??.??"]
[Round "?"]
[White "Asensio Soto, Fermin"]
[Black "Jurkovic, Ante"]
[Result "0-1"]
[WhiteElo "2125"]
[BlackElo "2335"]

1.d4 Nf6 2.Bg5 e6 3.e4 h6 4.Bxf6 Qxf6 5.Nc3 d6 6.Qd2 g5 7.O-O-O Bg7 8.h4 Nc6
9.Bb5 Bd7 10.hxg5 hxg5 11.Rxh8+ Bxh8 12.d5 Ne5 13.Bxd7+ Kxd7 14.Nf3 Nxf3
15.gxf3 Qxf3 16.Qxg5 Be5 17.dxe6+ fxe6 18.Qg6 Rf8 19.Qh7+ Rf7 20.Qg8 Qxf2
21.Na4 Rg7 22.Qh8 Rg2 23.Qh7+ Kc6  0-1

[Event "Zaragoza-B op"]
[Site "Zaragoza"]
[Date "1996.??.??"]
[Round "?"]
[White "Garcia, F."]
[Black "Palacios Perez, Manuel"]
[Result "1/2-1/2"]
[WhiteElo "2315"]
[BlackElo "2150"]

1.d4 Nf6 2.Bg5 e6 3.e4 Be7 4.Bd3 h6 5.Bh4 c5 6.dxc5 Qa5+ 7.Nc3 Nxe4 8.Bxe7 Nxc3
9.Qd2 Kxe7 10.Ne2 Qxc5 11.Nxc3 Nc6 12.O-O-O Rd8 13.Kb1 d5 14.f4 Kf8 15.g4 e5
16.fxe5 Nxe5 17.h3 Be6 18.Rhf1 Nxd3 19.Qxd3 Kg8 20.Rf4 Rd7 21.Rd4 Rad8 22.h4 Qe7
23.Qg3 Qd6 24.Qf3 Qe5 25.Qf2 Qf6 26.Qg3 Qg6 27.R1d3 Qf6 28.Rd1 Qg6  1/2-1/2

[Event "Zaragoza op"]
[Site "Zaragoza"]
[Date "1996.??.??"]
[Round "4"]
[White "Knezevic, Bojan"]
[Black "Foisor, Ovidiu"]
[Result "1/2-1/2"]
[WhiteElo "2380"]
[BlackElo "2475"]

1.d4 Nf6 2.Bg5 e6 3.e4 h6 4.Bxf6 Qxf6 5.Nc3 d6 6.Qd2 Nd7 7.O-O-O a6 8.f4 Qd8
9.e5 d5 10.Nf3 b5 11.f5 Nb6 12.g4 exf5 13.gxf5 Bxf5 14.Qf4 Be6 15.h4 g5 16.Qg3 g4
17.Nd2 h5 18.Nb3 c6 19.Ne2 a5  1/2-1/2

[Event "Zaragoza op"]
[Site "Zaragoza"]
[Date "1996.??.??"]
[Round "7"]
[White "Kurajica, Bojan"]
[Black "Razuvaev, Yuri S"]
[Result "1/2-1/2"]
[WhiteElo "2505"]
[BlackElo "2580"]

1.d4 Nf6 2.Bg5 e6 3.e4 h6 4.Bxf6 Qxf6 5.Nc3 Bb4 6.Qd2 c5 7.dxc5 Nc6 8.f4 g5
9.Nge2 gxf4 10.Nxf4 Bxc5 11.Be2 Qg5 12.Rf1 Qe7 13.O-O-O b5 14.h4 Qxh4 15.Ncd5 exd5
16.Qc3 Bd4 17.Rxd4 Qf6 18.Rxd5 Qxc3 19.bxc3 Bb7 20.Bg4 O-O-O 21.Nh5 Na5 22.Rc5+ Kb8
23.Rxf7 Rhf8 24.Rxf8 Rxf8 25.Rf5 Re8 26.Nf6 Re7 27.Bh5 Bxe4 28.Nxd7+  1/2-1/2

[Event "Hallsberg opJ32"]
[Site "Hallsberg"]
[Date "1997.01.03"]
[Round "7"]
[White "Schneider, Stefan"]
[Black "Hedman, Erik"]
[Result "1-0"]
[WhiteElo "2225"]
[BlackElo "2320"]

1.d4 Nf6 2.Bg5 e6 3.e4 h6 4.Bxf6 Qxf6 5.Nc3 d6 6.Qd2 c6 7.g3 e5 8.Nge2 Bg4
9.f4 exf4 10.gxf4 Bf3 11.Rg1 d5 12.e5 Qh4+ 13.Ng3 g5 14.f5 Bb4 15.Qf2 Qf4
16.Be2 Bxe2 17.Qxf4 gxf4 18.Nxe2 c5 19.O-O-O Nc6 20.Nxd5 O-O-O 21.Nxb4 Nxb4
22.c3 f3 23.Ng3 Nc6 24.Ne4 cxd4 25.Nd6+ Rxd6 26.exd6 dxc3 27.bxc3 Kd7 28.Rge1 Rg8
29.f6 f2 30.Rf1 Rg2 31.Kd2 Rxh2 32.Ke2 Ne5 33.Rxf2 Rh3 34.Rd5 Ke6 35.Rxe5+  1-0

[Event "Vier Laenderkampf"]
[Site "Schoeneck"]
[Date "1997.06.??"]
[Round "3"]
[White "Gerstner, Wolfgang"]
[Black "Sawatzki, Frank"]
[Result "1-0"]
[WhiteElo "2385"]
[BlackElo "2275"]

1.d4 Nf6 2.Bg5 e6 3.Nd2 h6 4.Bh4 d5 5.e3 c5 6.c3 Nc6 7.Ngf3 Be7 8.Bd3 cxd4
9.exd4 Nh5 10.Bxe7 Qxe7 11.O-O Bd7 12.Re1 Nf4 13.Bf1 O-O 14.g3 Ng6 15.Nb3 Rad8
16.Bd3 f5 17.Qe2 Rde8 18.Rad1 b6 19.Bb1 a5 20.h4 a4 21.Nc1 Rc8 22.h5 Nh8
23.Nd3 g5 24.hxg6 Nxg6 25.Kg2 a3 26.b3 Qg7 27.Rh1 Nd8 28.Nfe5 f4 29.Qd2 Nxe5
30.Nxe5 Be8 31.Rh4 Nc6 32.Rg4  1-0

[Event "IRL-ch"]
[Site "Dublin"]
[Date "1997.07.14"]
[Round "3"]
[White "Clarke, Thomas"]
[Black "O'Connell, Gerard"]
[Result "1-0"]
[WhiteElo "2210"]
[BlackElo "2170"]

1.d4 Nf6 2.Bg5 e6 3.e4 Be7 4.e5 Nd5 5.Bd2 c5 6.c4 Nc7 7.Qg4 Kf8 8.dxc5 Nc6
9.Nf3 Bxc5 10.Nc3 d5 11.O-O-O Bd7 12.Bd3 h5 13.Qg3 Nb4 14.Bg5 Qe8 15.Bb1 Rc8
16.Bf6 gxf6 17.exf6 Rg8 18.Ng5 Rg6 19.Bxg6 fxg6 20.a3 Nba6 21.b4 Nxb4 22.axb4 Bxb4
23.Qe5 Qd8 24.Rd3 Ne8 25.Rf3 Qa5 26.f7 Qa1+ 27.Kc2 Ba4+ 28.Kd3 dxc4+ 29.Ke3 Qxh1
30.Nxe6+ Ke7  1-0

[Event "Canadian op"]
[Site "Winnipeg"]
[Date "1997.07.16"]
[Round "6"]
[White "Hodgson, Julian M"]
[Black "Haessel, Dale R"]
[Result "1-0"]
[WhiteElo "2590"]
[BlackElo "2250"]

1.d4 Nf6 2.Bg5 e6 3.e4 h6 4.Bxf6 Qxf6 5.Nf3 d6 6.Nc3 g6 7.Qd2 Bg7 8.O-O-O Nc6
9.Bb5 O-O 10.e5 Qe7 11.Ne4 a6 12.Bxc6 bxc6 13.Qf4 Rd8 14.h4 c5 15.Nf6+ Kf8
16.Ng5 hxg5 17.hxg5 dxe5 18.dxe5 Bb7 19.Rde1 c4 20.c3 Qc5 21.Rh7 Qa5 22.Rxg7 Kxg7
23.Rh1 Qxa2 24.Rh7+ Kf8 25.Nd7+ Rxd7 26.Rh8+  1-0

[Event "Canadian op"]
[Site "Winnipeg"]
[Date "1997.07.17"]
[Round "7"]
[White "Hodgson, Julian M"]
[Black "Vukadinov, Milan"]
[Result "1-0"]
[WhiteElo "2590"]
[BlackElo "2140"]

1.d4 Nf6 2.Bg5 e6 3.e4 h6 4.Bxf6 Qxf6 5.Nc3 d6 6.Qd2 g5 7.O-O-O Bg7 8.g3 Nc6
9.Nb5 O-O 10.f4 gxf4 11.gxf4 a6 12.e5 Qe7 13.Nc3 dxe5 14.fxe5 Rd8 15.Nf3 f5
16.Rg1 Kh7 17.Qg2 Qf8 18.Ne2 Ne7 19.Nf4 Bd7 20.Qh3  1-0